Teoria generale della statistica, (Record no. 34835)
[ view plain ]
| 000 -LEADER | |
|---|---|
| fixed length control field | 00677cam a22002291 4500 |
| 001 - CONTROL NUMBER | |
| control field | it 01000068 |
| 003 - CONTROL NUMBER IDENTIFIER | |
| control field | DLC |
| 005 - DATE AND TIME OF LATEST TRANSACTION | |
| control field | 20260227111517.0 |
| 008 - FIXED-LENGTH DATA ELEMENTS--GENERAL INFORMATION | |
| fixed length control field | 800306s1888 it fbd 000 0 ita |
| 010 ## - LIBRARY OF CONGRESS CONTROL NUMBER | |
| LC control number | it 01000068 |
| 035 ## - SYSTEM CONTROL NUMBER | |
| System control number | (OCoLC)6058298 |
| 040 ## - CATALOGING SOURCE | |
| Original cataloging agency | DLC |
| Transcribing agency | NNR |
| Modifying agency | DLC |
| 042 ## - AUTHENTICATION CODE | |
| Authentication code | premarc |
| 050 00 - LIBRARY OF CONGRESS CALL NUMBER | |
| Classification number | HA29 |
| Item number | .G13 |
| 100 1# - MAIN ENTRY--PERSONAL NAME | |
| Personal name | Gabaglio, Antonio. |
| 245 00 - TITLE STATEMENT | |
| Title | Teoria generale della statistica, |
| Statement of responsibility, etc. | di Antonio Gabaglio. |
| 250 ## - EDITION STATEMENT | |
| Edition statement | 2. ed., totalmente rifatta. |
| 260 ## - PUBLICATION, DISTRIBUTION, ETC. | |
| Place of publication, distribution, etc. | Milano, |
| Name of publisher, distributor, etc. | U. Hoepli, |
| Date of publication, distribution, etc. | 1888. |
| 300 ## - PHYSICAL DESCRIPTION | |
| Extent | 2 v. |
| Other physical details | plates (part col.) fold. maps, diagrs. (part col., part fold.) |
| Dimensions | 23 cm. |
| 490 0# - SERIES STATEMENT | |
| Series statement | Studi giuridici e politici |
| 650 #0 - SUBJECT ADDED ENTRY--TOPICAL TERM | |
| Topical term or geographic name entry element | Statistics. |
No items available.